| 000 -LEADER |
| fixed length control field |
00521cam a2200169Ia 4500 |
| 020 ## - INTERNATIONAL STANDARD BOOK NUMBER |
| ISBN |
0804821143 |
| 020 ## - INTERNATIONAL STANDARD BOOK NUMBER |
| ISBN |
9780804821148 |
| 040 ## - CATALOGING SOURCE |
| Transcribing agency |
UOK |
| 082 04 - DEWEY DECIMAL CLASSIFICATION NUMBER |
| Classification number |
070 REP 1945 C150 Or. |
| 245 00 - TITLE STATEMENT |
| Title |
Foreign correspondents in Japan : |
| Remainder of title |
reporting a half century of upheavals, from 1945 to the present / |
| 250 ## - EDITION STATEMENT |
| Edition statement |
First edition |
| 300 ## - PHYSICAL DESCRIPTION |
| Number of Pages |
xvi, 367 pages : |
| Other physical details |
illustrations ; |
| Dimensions |
24 cm |
| 650 #0 - SUBJECT ADDED ENTRY--TOPICAL TERM |
| Topical Term |
Foreign correspondents |
| 700 1# - ADDED ENTRY--PERSONAL NAME |
| Personal name |
Pomeroy, Charles |
| 710 2# - ADDED ENTRY--CORPORATE NAME |
| Corporate name or jurisdiction name as entry element |
Foreign Correspondents Club of Japan |
| 942 ## - ADDED ENTRY ELEMENTS (KOHA) |
| Koha item type |
ADB |
| 952 ## - LOCATION AND ITEM INFORMATION (KOHA) |
| Withdrawn status [LOCAL, KOHA] |
0 |